Maják v rozbúrených vodách ochotníckeho divadla

Bibliographic Details
Main Author: Grznárová, Eva (Author)
Format: Article
Language:Slovak
PhysicalDescription:Fotogr.
ISSN:0862-8823
Subjects:

MARC

LEADER 00000nab a2200000 a 4500
001 vtls000725048
003 SK-MaSNL
005 20260302195728.0
008 180205c xo 0 slo
015 |a SNBRB2000/06-16842 
035 |a CLN000077212 
040 |a SNKBUCL  |b slo  |c SNKBUCL  |e AACR2 
041 0 |a slo 
044 |a xo  |c SK 
080 |a 792.091.4:792.077(437.6)  |2 UDC-MRF-SK2 
080 |a 792.077(437.6)  |2 UDC-MRF-SK2 
100 1 |a Grznárová, Eva  |4 aut  |9 476648 
245 1 0 |a Maják v rozbúrených vodách ochotníckeho divadla  |c Eva Grznárová 
300 |b Fotogr. 
611 1 7 |a Festival Aničky Jurkovičovej  |n 3.  |d 2000  |c Nové Mesto nad Váhom, Slovensko  |2 snkbucl  |9 917673 
655 7 |a články z novín a časopisov  |2 snkbucl  |9 267496 
773 0 |x 0862-8823  |t Slovenské národné noviny  |g Roč. 11 (15), č. 10 (2000), s. 9 
850 |a Slovenská národná knižnica v Martine 
852 |a SNK  |b KIS3GCP 
958 |a RBX 
999 |c 1453752  |d 1455682